Statistics for 1948-49 NCAA Men's Basketball AP Poll

Click here to take the quiz!

General Stats

  • This quiz has been taken 8 times
  • The average score is 68 of 162

Answer Stats

WeekRankTeamWLConference% Correct
Week 4 (2/7)1Kentucky171SEC
83%
Week 3 (1/31)1Kentucky131SEC
83%
Week 6 (2/21)1Kentucky221SEC
83%
Week 2 (1/24)2Kentucky121SEC
83%
Week 7 (2/28)1Kentucky251SEC
83%
Week 1 (1/17)2Kentucky111SEC
83%
Week 5 (2/14)1Kentucky201SEC
83%
Final Poll1Kentucky291SEC
83%
Final Poll6Minnesota183Big Ten
83%
Week 6 (2/21)5Minnesota162Big Ten
83%
Week 1 (1/17)4Minnesota120Big Ten
83%
Week 5 (2/14)6Minnesota152Big Ten
83%
Week 3 (1/31)5Minnesota131Big Ten
83%
Week 2 (1/24)5Minnesota130Big Ten
83%
Week 4 (2/7)7Minnesota142Big Ten
83%
Week 7 (2/28)5Minnesota182Big Ten
83%
Final Poll13NC State258SoCon
83%
Week 3 (1/31)17NC State147SoCon
83%
Week 2 (1/24)15NC State117SoCon
83%
Week 5 (2/14)17NC State178SoCon
83%
Week 7 (2/28)15NC State228SoCon
83%
Week 5 (2/14)16Oklahoma115Big Seven
83%
Week 4 (2/7)3Oklahoma A&M132Missouri Valley
83%
Week 3 (1/31)3Oklahoma A&M112Missouri Valley
83%
Week 5 (2/14)3Oklahoma A&M163Missouri Valley
83%
Week 6 (2/21)3Oklahoma A&M173Missouri Valley
83%
Week 1 (1/17)5Oklahoma A&M92Missouri Valley
83%
Week 2 (1/24)3Oklahoma A&M102Missouri Valley
83%
Week 7 (2/28)2Oklahoma A&M194Missouri Valley
83%
Final Poll2Oklahoma A&M204Missouri Valley
83%
Week 6 (2/21)20Texas165Southwest
83%
Final Poll15UCLA215Pacific Coast
83%
Week 6 (2/21)19USC128Pacific Coast
67%
Week 4 (2/7)17Washington State182Pacific Coast
67%
Week 1 (1/17)18Washington State171Pacific Coast
67%
Week 2 (1/24)14Washington State181Pacific Coast
67%
Week 6 (2/21)13Yale184Ivy League
67%
Week 5 (2/14)20Yale154Ivy League
67%
Final Poll11Yale215Ivy League
67%
Week 7 (2/28)18Yale195Ivy League
67%
Week 7 (2/28)20Arkansas1210Southwest
50%
Week 2 (1/24)18Baylor106Southwest
50%
Week 1 (1/17)13Cincinnati81MAC
50%
Week 6 (2/21)4Illinois162Big Ten
50%
Week 1 (1/17)7Illinois121Big Ten
50%
Week 4 (2/7)4Illinois142Big Ten
50%
Week 7 (2/28)4Illinois192Big Ten
50%
Week 3 (1/31)4Illinois131Big Ten
50%
Week 2 (1/24)6Illinois121Big Ten
50%
Week 5 (2/14)4Illinois162Big Ten
50%
Final Poll4Illinois192Big Ten
50%
Week 4 (2/7)18Ohio State94Big Ten
50%
Week 7 (2/28)19Ohio State137Big Ten
50%
Week 6 (2/21)18Ohio State116Big Ten
50%
Final Poll20Ohio State147Big Ten
50%
Week 5 (2/14)20Stanford175Pacific Coast
50%
Week 4 (2/7)10Stanford173Pacific Coast
50%
Week 1 (1/17)17Stanford112Pacific Coast
50%
Week 3 (1/31)9Stanford172Pacific Coast
50%
Week 2 (1/24)11Stanford152Pacific Coast
50%
Week 1 (1/17)10Utah102Mountain States
50%
Week 7 (2/28)13Utah236Mountain States
50%
Final Poll12Utah247Mountain States
50%
Week 6 (2/21)16Utah206Mountain States
50%
Week 3 (1/31)12Utah143Mountain States
50%
Week 5 (2/14)14Utah185Mountain States
50%
Week 4 (2/7)12Utah164Mountain States
50%
Week 2 (1/24)10Utah132Mountain States
50%
Final Poll17Wyoming248Mountain States
50%
Week 5 (2/14)17Wyoming206Mountain States
50%
Week 4 (2/7)19Wyoming176Mountain States
50%
Week 6 (2/21)14Wyoming226Mountain States
50%
Week 7 (2/28)12Wyoming228Mountain States
50%
Week 5 (2/14)17DePaul147Independent
33%
Week 2 (1/24)16DePaul106Independent
33%
Week 1 (1/17)20NYU73Metropolitan New York
33%
Week 3 (1/31)15NYU73Metropolitan New York
33%
Week 7 (2/28)8San Francisco215Independent
33%
Final Poll8San Francisco215Independent
33%
Week 1 (1/17)6San Francisco131Independent
33%
Week 2 (1/24)9San Francisco152Independent
33%
Week 3 (1/31)10San Francisco162Independent
33%
Week 4 (2/7)9San Francisco183Independent
33%
Week 6 (2/21)8San Francisco205Independent
33%
Week 5 (2/14)8San Francisco194Independent
33%
Week 3 (1/31)11Tulane152SEC
33%
Week 6 (2/21)6Tulane202SEC
33%
Final Poll9Tulane244SEC
33%
Week 2 (1/24)12Tulane152SEC
33%
Week 7 (2/28)7Tulane213SEC
33%
Week 5 (2/14)5Tulane192SEC
33%
Week 4 (2/7)8Tulane182SEC
33%
Week 1 (1/17)11Tulane132SEC
33%
Week 3 (1/31)7Villanova121Independent
33%
Week 2 (1/24)8Villanova110Independent
33%
Week 5 (2/14)15Villanova153Independent
33%
Week 4 (2/7)13Villanova133Independent
33%
Final Poll14Villanova203Independent
33%
Week 7 (2/28)17Villanova183Independent
33%
Week 1 (1/17)9Villanova110Independent
33%
Week 6 (2/21)9Bowling Green186Independent
17%
Final Poll10Bowling Green216Independent
17%
Week 1 (1/17)15Bowling Green96Independent
17%
Week 7 (2/28)9Bowling Green206Independent
17%
Week 3 (1/31)14Bowling Green106Independent
17%
Week 4 (2/7)14Bowling Green126Independent
17%
Week 5 (2/14)10Bowling Green166Independent
17%
Week 6 (2/21)10Bradley234Missouri Valley
17%
Week 3 (1/31)18Bradley193Missouri Valley
17%
Week 7 (2/28)10Bradley255Missouri Valley
17%
Week 1 (1/17)16Bradley153Missouri Valley
17%
Week 5 (2/14)12Bradley224Missouri Valley
17%
Week 2 (1/24)18Bradley183Missouri Valley
17%
Final Poll7Bradley256Missouri Valley
17%
Final Poll18Butler185MAC
17%
Week 6 (2/21)11Butler173MAC
17%
Week 4 (2/7)16Butler133MAC
17%
Week 1 (1/17)18Butler92MAC
17%
Week 5 (2/14)11Butler153MAC
17%
Week 7 (2/28)11Butler185MAC
17%
Week 3 (1/31)15Butler123MAC
17%
Week 2 (1/24)17Butler113MAC
17%
Week 6 (2/21)17Duquesne154Independent
17%
Week 4 (2/7)20Duquesne132Independent
17%
Week 5 (2/14)20Duquesne153Independent
17%
Week 3 (1/31)20Eastern Kentucky123Ohio Valley
17%
Week 1 (1/17)8Hamline110Minnesota
17%
Week 7 (2/28)16Hamline233Minnesota
17%
Final Poll19Hamline233Minnesota
17%
Week 2 (1/24)7Hamline130Minnesota
17%
Week 5 (2/14)9Hamline171Minnesota
17%
Week 6 (2/21)15Hamline193Minnesota
17%
Week 4 (2/7)5Hamline150Minnesota
17%
Week 3 (1/31)8Hamline140Minnesota
17%
Week 4 (2/7)15Holy Cross125Independent
17%
Week 1 (1/17)14Holy Cross85Independent
17%
Week 3 (1/31)19Holy Cross95Independent
17%
Week 2 (1/24)20Holy Cross95Independent
17%
Week 5 (2/14)13Loyola Chicago164Independent
17%
Week 7 (2/28)14Loyola Chicago215Independent
17%
Week 3 (1/31)13Loyola Chicago142Independent
17%
Final Poll16Loyola Chicago225Independent
17%
Week 6 (2/21)12Loyola Chicago184Independent
17%
Week 2 (1/24)13Loyola Chicago132Independent
17%
Week 4 (2/7)11Loyola Chicago163Independent
17%
Week 1 (1/17)12Loyola Chicago112Independent
17%
Week 1 (1/17)1Saint Louis110Missouri Valley
17%
Final Poll3Saint Louis203Missouri Valley
17%
Week 7 (2/28)3Saint Louis193Missouri Valley
17%
Week 6 (2/21)2Saint Louis182Missouri Valley
17%
Week 4 (2/7)2Saint Louis151Missouri Valley
17%
Week 3 (1/31)2Saint Louis131Missouri Valley
17%
Week 2 (1/24)1Saint Louis121Missouri Valley
17%
Week 5 (2/14)2Saint Louis162Missouri Valley
17%
Final Poll5Western Kentucky253Ohio Valley
17%
Week 7 (2/28)6Western Kentucky253Ohio Valley
17%
Week 6 (2/21)7Western Kentucky223Ohio Valley
17%
Week 5 (2/14)7Western Kentucky203Ohio Valley
17%
Week 4 (2/7)6Western Kentucky172Ohio Valley
17%
Week 3 (1/31)6Western Kentucky161Ohio Valley
17%
Week 2 (1/24)4Western Kentucky150Ohio Valley
17%
Week 1 (1/17)3Western Kentucky120Ohio Valley
17%

Score Distribution

Percentile by Number Answered

Percent of People with Each Score

Your Score History

You have not taken this quiz